Statistics for Countries that End in S

Click here to take the quiz!

General Stats

  • This quiz has been taken 46 times
    (25 since last reset)
  • The average score is 13 of 17

Answer Stats

Country% Correct
Comoros
95%
Seychelles
91%
Bahamas
86%
Laos
86%
Netherlands
86%
Mauritius
82%
Saint Kitts and Nevis
82%
Saint Vincent and the Grenadines
82%
United Arab Emirates
82%
Solomon Islands
77%
Barbados
73%
Marshall Islands
73%
Maldives
68%
Philippines
68%
Belarus
64%
Cyprus
55%
Honduras
55%

Score Distribution

Percentile by Number Answered

Percent of People with Each Score

Your Score History

You have not taken this quiz since the last reset